Géographie par lettre - I - Statistiques

Statistiques générales
  • Ce quiz a été pris 201 fois
  • Le résultat moyen est 10 sur 15
Statistiques - réponses
Questions Réponses % Correct
Quel pays est le plus gros producteur de vin au monde ? Italie
98%
Quel pays est le plus peuplée au monde ? Inde
97%
Quelle ville turque est située sur deux continents ? Istanbul
96%
Quel pays abrite les Lacs du Connemara ? Irlande
95%
Quel pays européen est le proche du Groenland ? Islande
94%
Quel pays abrite le plus de musulmans au monde ? Indonesie
85%
Dans quel Etat des Etats-Unis se situe la ville de Chicago ? Illinois
84%
Quelle est la capitale du Pakistan ? Islamabad
78%
Quel Etat des Etats-Unis se situe au Sud du Lac Michigan ? Indiana
73%
Quel état américain est situé entre le Washington et le Montana ? Idaho
69%
Quel pays océanien a pour capitale Honiara ? Iles Salomon
54%
Quelle ville turque s'appelait Smyrne dans l'Antiquité ? Izmir
50%
Quelle ville écossaise est la capitale culturelle des Highlands ? Inverness
28%
Quelle ville portuaire chilienne est située au Nord du Pays ? Iquique
7%
Quel fleuve russe est le plus long affluent de l'Ob? Irtych
4%
Aucun quiz correspondant
Distribution des résultats
% des personnes avec chaque résultat
Percentile par nombre de réponses
Votre historique - résultats
Vous n’avez pas pris ce quiz